| 000 | 01006nam a2200277 a 4500 | ||
|---|---|---|---|
| 001 | BRCA_1998 | ||
| 005 | 20190320203630.0 | ||
| 008 | 120608s2014----u--a######---#000-0#eng-# | ||
| 020 | _a9780807156261 | ||
| 041 | _aeng | ||
| 044 | _au | ||
| 050 | 4 |
_aNK7198.S6 _b.L58 2014 |
|
| 100 | 1 |
_aLittleton, Taylor _96124 |
|
| 245 | 1 | 0 |
_aWilliam Spratling, his life and art _cTaylor D. Littleton ; with a new foreword by John Shelton Reed. |
| 260 |
_aBaton Rouge _bLouisiana State University Press _c2014 |
||
| 300 |
_axxii, 322 p. _bil. _c23 cm. |
||
| 440 | 0 |
_aSouthern biography series _96125 |
|
| 500 | _aIncluye índice alfabético | ||
| 504 | _aBibliografía : p. [307]-314 | ||
| 600 | 1 | 4 |
_aSpratling, William _d1900-1967 _96126 |
| 650 | 1 | 4 |
_aPlateros _vBiografías _zMéxico - Taxco de Alarcón _96127 |
| 650 | 1 | 4 |
_aPlatería _xHistoria _ySiglo XX _zMéxico _96128 |
| 650 | 1 | 4 |
_aDecoración y ornamentación _xArt deco _zMéxico - Taxco de Alarcón _96129 |
| 700 | 1 |
_aReed, John Shelton _96130 |
|
| 942 |
_2lcc _cB |
||
| 999 |
_c1765 _d1765 |
||